A Letter from a meeting of the brethren called Quakers : to the authors of the pamphlet called Considerations on the German war, and of the several pamphlets in answer to it.

Bibliographic Details
Format: eBook
Language:English
Series:Early American imprints. Evans (1639-1800) ; no. 8860.
Subjects:
Online Access:Evans Digital Edition

MARC

Tag First Indicator Second Indicator Subfields
LEADER 00000cam a22000001a 4500
001 in00002139649
006 m e d #
007 cr mn mmmmabba
008 851023r1761 mau s 000 0 eng d
005 20260330212100.8
035 |z w005719 
035 |a MAAR8510233907B 
035 |9 mwa91-10891 
035 |a 320850 
035 |a aas03005719 
040 |a MWA  |c MWA  |e bdrb  |d UtOrBLW 
245 0 2 |a A Letter from a meeting of the brethren called Quakers :  |b to the authors of the pamphlet called Considerations on the German war, and of the several pamphlets in answer to it. 
264 3 |a [Boston] :  |b London printed, Boston, N.E. re-printed and sold by B. Mecom, at the new printing-office, near the town-house,  |c 1761. 
300 |a 8 pages ;  |c (octavo) 
336 |a text  |b txt  |2 rdacontent 
337 |a computer  |b c  |2 rdamedia 
338 |a online resource  |b cr  |2 rdacarrier 
510 4 |a Evans  |c 8860 
530 |a Microform version available in the Readex Early American Imprints series. 
533 |a Electronic text and image data.  |b [Chester, Vt. :  |c Readex, a division of Newsbank, Inc.,  |d 2002-2004.  |e Includes files in TIFF, GIF and PDF formats with inclusion of keyword searchable text.  |f (Early American imprints. First series ; no. 8860). 
500 |a Electronic resource. 
600 1 0 |a Mauduit, Israel,  |d 1708-1787.  |t Considerations on the present German war. 
650 0 |a Seven Years' War, 1756-1763. 
752 |a United States  |b Massachusetts  |d Boston. 
830 0 |a Early American imprints.  |n Series I,  |p Evans (1639-1800) ;  |v no. 8860. 
856 4 1 |u http://proxy.library.tamu.edu/login?url=https://opac.newsbank.com/select/evans/8860  |y Evans Digital Edition  |t 0 
999 |a MARS 
999 f f |s c3f25d05-f020-35d9-b12a-df86376e4efa  |i 293d023a-1ba1-32aa-93c3-2a42cf84709b  |t 0 
952 f f |a Texas A&M University  |b College Station  |c Electronic Resources  |s www_evans  |d Available Online  |t 0  |h No information provided 
998 f f |t 0  |l Available Online